| 000 | 00386nam a2200157Ia 4500 | ||
|---|---|---|---|
| 008 | 210716s2015 xx 000 0 und d | ||
| 020 | _a9789351197805 | ||
| 041 | _aeng | ||
| 082 | _a658.8342 CHHG | ||
| 100 | _aChhabra, Gurpreet Kaur. | ||
| 245 | _aConsumer behaviour. | ||
| 250 | _a1 | ||
| 260 |
_aNew Delhi _bBiztantra _c2015 |
||
| 300 | _axxxi,372 | ||
| 650 | _aConsumer Behavior | ||
| 999 |
_c209923 _d209923 |
||